000 00607nam a22000977a 4500
999 _c2881
_d2881
008 181203b ||||| |||| 00| 0 eng d
100 _aMorgan, Robert
245 _aHungary : "single" stamps and "fewest stamps used" frankings during the 1945-46 Hyper-inflation
260 _bR.B. Morgan
_c1992
650 _aHungary (1871-) | Inflation Issues | 1945-1946 | Post World War II | Stamps -- Histories | Overprints and Surcharges | Provisionals and Forerunners | Definitive Issues | Semi-postal Issues | Postage Dues | Parcel Post | Postal History | Postal Rates | Covers | 20th Century | Inflation Period | Concordances